000 00575nam a2200169 i 4500
001 94595
003 ES-MaACL
005 20230906181521.0
007 t|
008 050509s1966 sp ||||1| spa d
100 1 _aLosada Díaz, Amando.
_974268
245 1 0 _aGuía del camino francés en la provincia de Lugo /
_cAmando Losada Díaz, E. Seijas Vázquez.
260 _aMadrid :
_b[s.n.],
_c1966 (
_fGráf. Condor)
300 _a211 p., 2 h. con 7 map., :
_b1 map. pleg., il. ;
_c19 cm.
700 1 _aSeijas Vázquez, Eduardo.
_9105264
852 _aES-MaACL
_jC-30640
_bR.60708
999 _c94595
_d94595